[Event "21st Feffernitz Open"]
[Site "Feffernitz AUT"]
[Date "2012.08.22"]
[Round "5.2"]
[White "Genov,Peta"]
[Black "Imperor,M"]
[Result "1-0"]
[WhiteElo "2450"]
[BlackElo "1940"]

1.c4 c6 2.d4 d5 3.Nf3 Nf6 4.Nbd2 e6 5.g3 Nbd7 6.Bg2 Be7 7.O-O O-O 8.Qc2 Qc7
9.e4 dxe4 10.Nxe4 e5 11.Nxe5 Nxe5 12.Bf4 Nfd7 13.dxe5 Nxe5 14.Rfe1 f6 15.c5 g6
16.Qc3 Bf5 17.Nxf6+ Bxf6 18.Bxe5 Bxe5 19.Rxe5 Rae8 20.Rae1 Rxe5 21.Rxe5 Rd8
22.Bf1 h5 23.Bc4+ Kh7 24.Qe3 Rd7 25.Re8 Bh3 26.Rh8+ Kxh8 27.Qh6+ Rh7 28.Qf8+  1-0

[Event "4th Pilsen Open 2012"]
[Site "Plzen CZE"]
[Date "2012.08.22"]
[Round "6.2"]
[White "Neuman,P"]
[Black "Piankov,E"]
[Result "1-0"]
[WhiteElo "2476"]
[BlackElo "2338"]

1.c4 c6 2.Nc3 d5 3.d4 e6 4.e4 dxe4 5.Nxe4 Nf6 6.Nxf6+ Qxf6 7.Nf3 Bb4+ 8.Bd2 Qe7
9.Bd3 Bxd2+ 10.Qxd2 c5 11.dxc5 Qxc5 12.O-O a5 13.a3 a4 14.Ng5 Nc6 15.Rfe1 h6
16.Ne4 Qe7 17.c5 O-O 18.Nd6 Qc7 19.Rac1 Bd7 20.Rc3 Ne7 21.Bb1 Bc6 22.Qc2 g6
23.Qd2 h5 24.Qg5 Nf5 25.Bxf5 exf5 26.Nxf5 Rfe8 27.Ne7+ Kg7 28.Rce3 Rad8 29.f4 Qd7
30.f5 Qd4 31.fxg6  1-0

[Event "EY Girls U16 2012"]
[Site "Prague CZE"]
[Date "2012.08.22"]
[Round "6.12"]
[White "Szente Varga,F"]
[Black "Ivanova,Si"]
[Result "1/2-1/2"]
[WhiteElo "2053"]
[BlackElo "1952"]

1.c4 c6 2.g3 d5 3.cxd5 Qxd5 4.Nf3 Bg4 5.Bg2 Bxf3 6.Bxf3 Qd7 7.Nc3 e5 8.d3 Na6
9.O-O Nf6 10.a3 Nc7 11.Bd2 Be7 12.Bc1 Ne6 13.Na4 O-O 14.b4 Nd4 15.Bg2 Qf5
16.Nb2 Qh5 17.Re1 a5 18.Rb1 axb4 19.axb4 Rfd8 20.Nc4 Ra2 21.Rb2 Rxb2 22.Nxb2 Nd5
23.Bxd5 cxd5 24.Na4 e4 25.Be3 Nb5 26.Qb3 d4 27.Bd2 e3 28.fxe3 Bg5 29.Qc4 dxe3
30.Bc3 Nxc3 31.Nxc3 Bf6 32.Ne4 Qg6 33.Rf1 Bd4 34.Qc7 Rf8 35.Qxb7 Qg4 36.Nc5 Bxc5
37.bxc5 Qxe2 38.Qb1 Qd2 39.Qd1 Qc3 40.Qe2 Qxc5 41.Rf4 f5 42.d4 Qc1+ 43.Rf1 Qc3
44.d5 Qe5 45.Rf3 Re8 46.d6 Qxd6 47.Rxf5 h6 48.Qb5 Qe6 49.Rf1 e2 50.Re1 Qe3+
51.Kg2 Re7 52.Qc4+ Kh7 53.Qf4 Qxf4 54.gxf4 Kg6 55.Kf3 Kf5 56.Rxe2 Rxe2 57.Kxe2 Kxf4
58.Kf2 g5 59.Kg2 g4 60.Kf2 h5 61.Kg2 h4 62.Kf2 Ke4 63.Ke2 g3 64.Kf1 Kf3 65.Kg1 Ke3
66.Kg2 Kf4 67.hxg3+ hxg3 68.Kg1  1/2-1/2

[Event "EY Boys U14 2012"]
[Site "Prague CZE"]
[Date "2012.08.22"]
[Round "6.10"]
[White "Van Foreest,Jorden"]
[Black "Tokranovs,Dmitrijs"]
[Result "1/2-1/2"]
[WhiteElo "2225"]
[BlackElo "2060"]

1.c4 c6 2.Nf3 d5 3.e3 Nf6 4.Nc3 e6 5.b3 Be7 6.Bb2 O-O 7.Qc2 c5 8.cxd5 exd5
9.d4 Nc6 10.dxc5 Bxc5 11.Be2 Qe7 12.O-O Be6 13.Ng5 Nb4 14.Qb1 h6 15.Nxe6 Qxe6
16.Nb5 Rac8 17.Nd4 Bxd4 18.Bxd4 Nc2 19.Bd3 Nxd4 20.exd4 Qd6 21.Qb2 Rfe8 22.Qd2 Ne4
23.Bxe4 Rxe4 24.Rac1 Rce8 25.Rfe1 Qf4 26.Rxe4 Qxd2 27.Rxe8+ Kh7 28.Ra1 Qxd4
29.Rae1 b5 30.g3 Kg6 31.Kg2 Qc3 32.Rd1 d4 33.Rd8 Qc6+ 34.Kg1 Qc2 35.R1xd4 Qxa2
36.b4 a5 37.bxa5 Qxa5 38.R8d6+ Kh7 39.Rd1 b4 40.R6d2 Qe5 41.Rb1 Qe4 42.Rdb2 Qd3
43.Rxb4 Qc2 44.Rb7 Qe4 45.h4 Kg6 46.R1b6+ f6 47.Rb2 h5 48.Rc7 Qe1+ 49.Kg2 Qe4+
50.Kh2 Qd4 51.Re2 Qb6 52.Rd7 Qc5 53.Rb2 Qf5 54.Rbd2 Qe4 55.R7d3 Qe1 56.Kg2 Qe4+
57.f3 Qc6 58.Rd7 Qc3 59.Re2 Qc4 60.Rdd2 Qc3 61.Rc2 Qd3 62.Red2 Qe3 63.Rd7 Qe6
64.Rdd2 Qe3 65.Re2 Qd3 66.Rcd2 Qc3 67.Rd1 Qb3 68.Rd4 Qc3 69.Rde4 Qd3 70.g4 hxg4
71.Rxg4+ Kh6 72.Re8 g6 73.Rge4 g5 74.hxg5+ Kxg5 75.Kg3 Qd6+ 76.Kh3 Qd1 77.Kg3 Qg1+  1/2-1/2

[Event "12th World Uni Men"]
[Site "Guimaraes POR"]
[Date "2012.08.23"]
[Round "7.2"]
[White "Matinian,N"]
[Black "Bulski,K"]
[Result "1/2-1/2"]
[WhiteElo "2438"]
[BlackElo "2544"]

1.c4 c6 2.Nf3 Nf6 3.e3 d5 4.b3 e6 5.Bb2 Nbd7 6.Qc2 Bd6 7.Qd1 Bf8 8.Qc2 Bd6
9.Nc3 O-O 10.d4 b6 11.Bd3 Bb7 12.O-O h6 13.Rfd1 Qe7 14.Rac1 Rfd8 15.cxd5 Nxd5
16.Be2 Nxc3 17.Bxc3 c5 18.Nd2 cxd4 19.Bxd4 Ba3 20.Bb2 Bxb2 21.Qxb2 Nc5 22.Nf3 Rxd1+
23.Rxd1 Rd8 24.Rxd8+ Qxd8 25.Qd4 Qxd4 26.Nxd4 Kf8 27.f3 Ke7 28.Kf2 a6 29.e4 g6
30.Ke3 e5 31.Nc2 Kd6 32.Bc4 f5 33.exf5 e4  1/2-1/2

[Event "12th ch-Euro Seniors"]
[Site "Kaunas LTU"]
[Date "2012.08.23"]
[Round "6.13"]
[White "Karasev,Vl"]
[Black "Visockis,J"]
[Result "1-0"]
[WhiteElo "2380"]
[BlackElo "2155"]

1.c4 c6 2.Nf3 d5 3.e3 e6 4.Nc3 f5 5.cxd5 exd5 6.b3 Bd6 7.Bb2 Nf6 8.g3 O-O
9.Bg2 Qe7 10.O-O Bd7 11.Qc2 Be8 12.Nd4 Ne4 13.Nce2 g6 14.d3 Nf6 15.Nf4 Bf7
16.Nf3 Nbd7 17.Ng5 Be5 18.Rae1 Bxb2 19.Qxb2 Rfe8 20.h4 h6 21.Nxf7 Qxf7 22.b4 a6
23.a4 Kh7 24.b5 axb5 25.axb5 Qe7 26.bxc6 bxc6 27.Rc1 Ra6 28.Qb7 Nb8 29.Rb1 Ra7
30.Qxe7+ Raxe7 31.Rfc1 g5 32.hxg5 hxg5 33.Ne2 Kg6 34.Nd4 Rc7 35.Rc5 Nfd7
36.Rc3 Nf6 37.Bh3 g4 38.Bg2 Kg5 39.Rxb8  1-0

[Event "EY Boys U14 2012"]
[Site "Prague CZE"]
[Date "2012.08.23"]
[Round "7.35"]
[White "Taylor,Adam C"]
[Black "Johannesson,Oliver"]
[Result "0-1"]
[WhiteElo "1962"]
[BlackElo "2047"]

1.c4 c6 2.Nc3 d5 3.d4 Nf6 4.Nf3 dxc4 5.a4 Bf5 6.e3 e6 7.Bxc4 Bb4 8.O-O O-O
9.Ne5 Nbd7 10.Qb3 a5 11.Rd1 Qc7 12.Nxd7 Nxd7 13.f3 Bg6 14.Ne2 e5 15.Bd3 Bxd3
16.Qxd3 Rad8 17.Qc2 Bd6 18.dxe5 Bxe5 19.f4 Bd6 20.Nd4 Rfe8 21.Bd2 Nf6 22.Rac1 Ne4
23.Qb3 Bxf4 24.exf4 Rxd4 25.Be3 Rxd1+ 26.Rxd1 Nf6 27.Bb6 Qxf4 28.Bxa5 Ng4
29.Qg3 Qxa4 30.Rf1 Qxa5 31.Qxg4 Qb6+ 32.Kh1 Qb5 33.Qf4 Qd5 34.h3 h6 35.Qc7 Re2
36.Qg3 Qe5 37.Qf3 Qe6 38.Qc3 Qe4 39.Qg3 Rxb2 40.Rf4 Rb1+ 41.Kh2 Qe1 42.Qg4 Qg1+
43.Kg3 Rb3+ 44.Kh4 Qe1+ 45.g3 Qe7+ 46.Kh5 Rb5+ 47.Rf5 g6+ 48.Kxh6 Qf8+  0-1

[Event "EY Boys U16 2012"]
[Site "Prague CZE"]
[Date "2012.08.23"]
[Round "7.16"]
[White "Csonka,B"]
[Black "Vanagas,T"]
[Result "1/2-1/2"]
[WhiteElo "2313"]
[BlackElo "2067"]

1.c4 c6 2.d4 d5 3.Nc3 Nf6 4.Nf3 e6 5.Bg5 dxc4 6.e4 b5 7.e5 h6 8.Bh4 g5 9.Nxg5 hxg5
10.Bxg5 Nbd7 11.g3 Bb7 12.Bg2 Qb6 13.exf6 O-O-O 14.O-O c5 15.d5 b4 16.Na4 Qb5
17.a3 exd5 18.axb4 cxb4 19.Bf4 Nb6 20.Qd4 Nxa4 21.Qxa7 Bd6 22.Rxa4 Bxf4 23.Ra5 Qd7
24.gxf4 Rdg8 25.Rc5+ Bc6 26.Qa8+ Kc7 27.Qa7+ Kd6 28.Rxc6+ Kxc6 29.Qa4+ Kc7
30.Qa5+ Kc8 31.Qa8+ Kc7 32.Qa5+ Kc6 33.Qa4+ Kc7 34.Qa5+ Kc6 35.Qa4+  1/2-1/2

[Event "21st Feffernitz Open"]
[Site "Feffernitz AUT"]
[Date "2012.08.24"]
[Round "7.8"]
[White "Wawricka,A"]
[Black "Arztmann,W"]
[Result "0-1"]
[WhiteElo "2033"]
[BlackElo "2154"]

1.c4 c6 2.d4 d5 3.e3 Nf6 4.Nc3 a6 5.a3 Bf5 6.Bd3 Bxd3 7.Qxd3 e6 8.Nf3 Nbd7
9.O-O Bd6 10.c5 Bc7 11.b4 O-O 12.h3 Qe7 13.e4 Nxe4 14.Nxe4 dxe4 15.Qxe4 Nf6
16.Qh4 Rfd8 17.Bg5 Rd5 18.a4 h6 19.Bxf6 Qxf6 20.Qxf6 gxf6 21.Rfb1 e5 22.dxe5 fxe5
23.Re1 Re8 24.Re4 f5 25.Rc4 Bd8 26.Rb1 e4 27.Nd4 Bf6 28.Nc2 f4 29.Re1 Rde5
30.Kf1 Bh4 31.Rd1 Rd5 32.Re1 Rd2 33.Re2 Rd1+ 34.Re1 Rd2 35.Re2 Rd1+ 36.Re1 Rxe1+
37.Nxe1 Kf7 38.Rd4 Bf6 39.Rd6 Rd8 40.Rxd8 Bxd8 41.Nc2 a5 42.b5 cxb5 43.axb5 a4
44.Ke2 Ke6 45.c6 bxc6 46.Nd4+ Kd5 47.Nxc6 a3 48.Nb4+ Kc4 49.Nc2 a2 50.g3 fxg3
51.fxg3 Kc3 52.Kd1 e3 53.Na1 Kd3 54.Nb3 e2+  0-1

[Event "12th ch-Euro Seniors"]
[Site "Kaunas LTU"]
[Date "2012.08.24"]
[Round "7.44"]
[White "Deiana,G"]
[Black "Ibragimov,E"]
[Result "1-0"]
[WhiteElo "1679"]
[BlackElo "1782"]

1.c4 c6 2.Nf3 Nf6 3.g3 d5 4.Bg2 dxc4 5.Na3 Be6 6.Ng5 Bd5 7.e4 h6 8.exd5 hxg5
9.dxc6 Nxc6 10.Nxc4 e6 11.Qa4 Qc7 12.O-O Be7 13.Ne5 Nd5 14.Nxc6 bxc6 15.d3 O-O
16.Qg4 Rab8 17.Rb1 Qe5 18.Qe4 Qf6 19.Bd2 Rxb2 20.Bxg5 Qc3 21.Rxb2 Qxb2 22.Bxe7 Nxe7
23.Qc4 Qb6 24.h4 Rd8 25.Qc2 Qd4 26.Rb1 g6 27.Bf1 Rd7 28.Qd2 Qd5 29.Qh6 Nf5
30.Qg5 Kh7 31.h5 gxh5 32.Qxh5+ Nh6 33.Qe2 Qc5 34.Bg2 Qd6 35.Qe4+ f5 36.Qe3 Ng4
37.Qg5 Qxd3 38.Qh5+ Kg7 39.Rb8 Nf6 40.Qh8+ Kf7  1-0

[Event "14th Sants Open A"]
[Site "Barcelona ESP"]
[Date "2012.08.25"]
[Round "9.6"]
[White "Narciso Dublan,M"]
[Black "Cuartas,Ja"]
[Result "1-0"]
[WhiteElo "2528"]
[BlackElo "2521"]

1.c4 c6 2.Nf3 d5 3.g3 Nf6 4.Bg2 e6 5.O-O Nbd7 6.Qc2 Bd6 7.d4 O-O 8.Nbd2 Re8
9.b3 e5 10.cxd5 cxd5 11.dxe5 Nxe5 12.Bb2 Bg4 13.Bxe5 Bxe5 14.Nxe5 Rxe5 15.Nf3 Bxf3
16.Bxf3 Qe7 17.Rfd1 h5 18.Rd4 g6 19.Rad1 Kg7 20.Qc3 Kh7 21.e3 Rd8 22.Bg2 Rd7
23.Qa5 b6 24.Qd2 Rd6 25.Qc2 Rd7 26.Qd2 Rd6 27.b4 Rd7 28.a3 Rd6 29.Qa2 Qe6
30.Qb3 Kg7 31.h3 Rd8 32.Kh2 Rd6 33.Qa4 Qe7 34.Qc2 Rd7 35.Qb2 Kg8 36.R1d2 Kh7
37.Qa1 Kg8 38.Qd1 Qe6 39.Rc2 Kg7 40.Qc1 Qe7 41.Qa1 Kh7 42.Rcd2 Kg8 43.Qa2 Qe6
44.a4 Kh7 45.a5 bxa5 46.bxa5 Kg7 47.Qa1 Kh7 48.Rb2 Rc7 49.a6 Rc6 50.Ra4 Nd7
51.Rb7 Nc5 52.Rf4 Rf5 53.Rxf5 Qxf5 54.Rxa7 Qxf2 55.Ra8 Rf6 56.a7 Ne4 57.Rh8+ Kxh8
58.a8=Q+ Kg7 59.Qb8 Nd2 60.Kh1 Ne4 61.Bxe4 dxe4 62.Qf4 Qf3+ 63.Kg1  1-0

[Event "19th Graz Open 2012"]
[Site "Graz AUT"]
[Date "2012.08.25"]
[Round "1.2"]
[White "Hera,I"]
[Black "Drnovsek,N"]
[Result "1-0"]
[WhiteElo "2568"]
[BlackElo "2107"]

1.c4 c6 2.e4 d5 3.exd5 cxd5 4.d4 Nf6 5.Nc3 e6 6.Nf3 Be7 7.Bd3 Nc6 8.a3 O-O
9.c5 e5 10.dxe5 Ng4 11.Nxd5 Bxc5 12.Bxh7+ Kxh7 13.Qc2+ Kg8 14.Qxc5 Re8 15.Bg5 f6
16.O-O-O Qa5 17.Qxa5 Nxa5 18.exf6 gxf6 19.Bd2 Nb3+ 20.Kc2 Be6 21.Be3 Bxd5
22.Rxd5 Nxe3+ 23.fxe3 Rxe3 24.Rhd1 Rc8+ 25.Kb1 Rc7 26.Rd7 Re7 27.Rxc7 Rxc7
28.Rd3 Na5 29.Nd2 Kf7 30.Ne4 a6 31.Rd6 Rc6 32.Rxc6 Nxc6 33.Nd6+ Ke6 34.Nxb7 Kd5
35.b4 Ne5 36.h4 Nc4 37.h5 Nxa3+ 38.Ka2 Nc4 39.h6 Ne5 40.h7 Nf7 41.Kb3 Nh8
42.Ka4  1-0

[Event "37th Trade Fair Open A"]
[Site "Brno CZE"]
[Date "2012.08.26"]
[Round "1"]
[White "Dubina,P"]
[Black "Sarson,On"]
[Result "1-0"]
[WhiteElo "2140"]
[BlackElo "1778"]

1.c4 c6 2.Nf3 d5 3.e3 Nf6 4.d4 a6 5.Nc3 Nbd7 6.Bd3 dxc4 7.Bxc4 Nb6 8.Bb3 Bg4
9.Bxf7+ Kxf7 10.Ne5+ Ke8 11.Nxg4 Nbd5 12.Ne5 e6 13.O-O Bd6 14.Nf3 h6 15.Qd3 Qe7
16.e4 Nxc3 17.bxc3 e5 18.dxe5 Bxe5 19.Nxe5 Qxe5 20.f4 Qe7 21.e5 Nd5 22.c4 Nc7
23.Ba3 Qd7 24.Qe4 Qf7 25.f5 Rd8 26.Rab1 Rb8 27.Bd6 Kd8 28.e6 Qf6 29.Qf4  1-0

[Event "12th ch-Euro Seniors"]
[Site "Kaunas LTU"]
[Date "2012.08.26"]
[Round "9.11"]
[White "Golcman,E"]
[Black "Visockis,J"]
[Result "1-0"]
[WhiteElo "2330"]
[BlackElo "2155"]

1.c4 c6 2.g3 d5 3.Qc2 Nf6 4.Bg2 e5 5.d3 Bd6 6.Nf3 O-O 7.O-O h6 8.Nbd2 Re8
9.e4 dxe4 10.dxe4 Qe7 11.Nh4 g6 12.Nb3 Kh7 13.Rd1 Ng8 14.Be3 Be6 15.Nf5 Bxf5
16.exf5 Na6 17.fxg6+ fxg6 18.Be4 Kg7 19.Bxg6 Red8 20.Bh5 Qe6 21.Qe4 Bf8 22.Bf4 Kf6
23.Bxe5+  1-0

[Event "24th Schlosspark Open"]
[Site "Wiesbaden GER"]
[Date "2012.08.26"]
[Round "6.38"]
[White "Stabolewski,A"]
[Black "Gebben,Alwin"]
[Result "1-0"]
[WhiteElo "2214"]
[BlackElo "1902"]

1.c4 c6 2.e4 d5 3.exd5 cxd5 4.d4 Nf6 5.Nc3 Nc6 6.Nf3 e6 7.a3 Be7 8.Bd3 dxc4
9.Bxc4 O-O 10.O-O b6 11.Qd3 Bb7 12.Bg5 Nd5 13.Bxd5 Bxg5 14.Be4 f5 15.Nxg5 Qxg5
16.Bf3 Na5 17.Bxb7 Nxb7 18.Rfe1 Qf6 19.Re5 Rad8 20.Rae1 Rfe8 21.Nb5 Kf7 22.Nc7 Re7
23.Nxe6 Rdd7 24.Qxf5 Qxf5 25.Rxf5+ Kg6 26.g4  1-0

[Event "19th Graz Open 2012"]
[Site "Graz AUT"]
[Date "2012.08.27"]
[Round "3.21"]
[White "Gaug,H"]
[Black "Brandstetter,D"]
[Result "0-1"]
[WhiteElo "1857"]
[BlackElo "2078"]

1.c4 c6 2.Nc3 d5 3.cxd5 cxd5 4.Nf3 Nf6 5.d4 Nc6 6.e3 Bf5 7.a3 e6 8.Be2 a6
9.O-O Bd6 10.h3 h6 11.b4 b5 12.Bb2 O-O 13.Rc1 Ne7 14.Bd3 Ne4 15.Ne5 f6 16.Nf3 Qe8
17.Nh4 Bh7 18.Bxe4 Bxe4 19.Nxe4 dxe4 20.g3 Qd7 21.Kh2 Rac8 22.Qe2 Rxc1 23.Rxc1 Rc8
24.Rc2 Rc6 25.Rxc6 Qxc6 26.Ng2 Qc4 27.Qxc4 bxc4 28.Ne1 Nd5 29.Nc2 Kf7 30.Kg2 Ke7
31.Kf1 Kd7 32.Ke1 Kc6 33.Kd2 Kb5 34.Na1 Ka4 35.Kc2 a5 36.bxa5 Kxa5 37.Bc3+ Ka4
38.Bb4 Bxb4 39.axb4 Kxb4 40.Kb2 c3+ 41.Kc1 Kc4 42.Nc2 Nb4 43.d5 exd5 44.Nd4 Kd3
45.g4 g5 46.Kb1 Kd2 47.Nb3+ Kd1 48.Nc1 c2+ 49.Kb2 Nd3+  0-1

[Event "37th Trade Fair Open A"]
[Site "Brno CZE"]
[Date "2012.08.28"]
[Round "4"]
[White "Sipek,M"]
[Black "Kosina,V"]
[Result "1/2-1/2"]
[WhiteElo "1963"]
[BlackElo "1823"]

1.c4 c6 2.Nf3 d5 3.Nc3 Bg4 4.e3 e6 5.cxd5 exd5 6.Be2 Bd6 7.Qa4 Bd7 8.b4 Ne7
9.Qb3 O-O 10.a4 Bf5 11.Ba3 Nd7 12.d4 Re8 13.Rc1 a6 14.Nb1 Ng6 15.Nbd2 Qe7
16.Ra1 Nf4 17.Bf1 h6 18.g3 Ng6 19.Bg2 Nf6 20.O-O Qd7 21.b5 axb5 22.axb5 Ne4
23.Bxd6 Qxd6 24.bxc6 bxc6 25.Rxa8 Rxa8 26.Rc1 Rc8 27.Nxe4 Bxe4 28.Nd2 Bxg2
29.Kxg2 Ne7 30.Nf3 Rb8 31.Qa4 f6 32.Qc2 g5 33.h3 Kg7 34.Qc5 Qd7 35.Ra1 Rb7
36.Nd2 Nf5 37.Ra8 Qd6 38.Qxd6 Nxd6 39.Ra6 Rc7 40.Nb3 Nf5 41.Nc5 Kf7 42.Ra8 Ne7
43.Kf1 Nf5 44.Ke2 Re7 45.Kd3 Nd6 46.Ra6 Rc7 47.Ra8 Nb5 48.g4 Ra7 49.Rc8 Rc7
50.Rh8 Kg7 51.Ra8 Kf7 52.Ra6 Ke7 53.f3 Kf7 54.Ra8 Ra7 55.Rc8 Rc7 56.Rh8 Kg7
57.Ra8 Kf7 58.e4 Ra7 59.Rxa7+ Nxa7 60.Nb7 Ke6 61.Ke3 Kd7 62.f4 dxe4 63.fxg5 hxg5
64.Nc5+ Ke7 65.Nxe4 Nb5 66.Kd3 Ke6 67.Nc5+ Kd5 68.Nd7 Ke6 69.Nb8 Kd5 70.Nd7 Ke6
71.Nf8+ Kf7 72.Nd7 Ke6 73.Nc5+ Kd5 74.Ne4 Ke6 75.Nc5+ Kd5 76.Ne4 Ke6 77.Ng3 Nd6
78.Kc3 Kd5 79.Kd3 Ke6 80.Ne4 Nb5 81.Kc4 Nd6+ 82.Nxd6 Kxd6 83.Kd3  1/2-1/2

[Event "40th Olympiad Open"]
[Site "Istanbul TUR"]
[Date "2012.08.28"]
[Round "1.3"]
[White "Akopian,Vl"]
[Black "Gemy,J"]
[Result "1-0"]
[WhiteElo "2687"]
[BlackElo "2345"]

1.c4 c6 2.Nf3 d5 3.b3 Bf5 4.Bb2 e6 5.g3 Nf6 6.Bg2 Nbd7 7.O-O h6 8.d3 Be7
9.Nbd2 O-O 10.Rc1 Bh7 11.Rc2 a5 12.a3 Ne8 13.cxd5 exd5 14.Qa1 Bf6 15.Re1 Bxb2
16.Qxb2 f5 17.b4 axb4 18.axb4 Qf6 19.Nb3 Nd6 20.Nc5 Nb6 21.Qxf6 Rxf6 22.Nd4 Bg6
23.f4 Be8 24.Kf2 Rf7 25.h4 Re7 26.Bh3 g6 27.h5 Kg7 28.hxg6 Kxg6 29.g4 fxg4
30.Bxg4 Bd7 31.Nxd7 Nxd7 32.Nxc6 bxc6 33.Rxc6 Nf6 34.Rxd6 Rb8 35.Rb1 Reb7
36.Be6 Rb6 37.Rg1+ Kh7 38.Bf5+ Kh8 39.Rxb6 Rxb6 40.Rg6 h5 41.Kg3  1-0

[Event "40th Olympiad Open"]
[Site "Istanbul TUR"]
[Date "2012.08.28"]
[Round "1.12"]
[White "Naiditsch,A"]
[Black "Dive,RJ"]
[Result "1-0"]
[WhiteElo "2712"]
[BlackElo "2334"]

1.c4 c6 2.e4 e5 3.Nf3 d6 4.d4 Nd7 5.Bd3 Ngf6 6.O-O Be7 7.Nc3 O-O 8.Re1 Re8
9.h3 Bf8 10.d5 a6 11.Be3 cxd5 12.cxd5 b5 13.b4 Nb6 14.a4 Nxa4 15.Nxa4 bxa4
16.Rxa4 Bd7 17.Ra5 Qb8 18.Qa1 Be7 19.Nd2 Bb5 20.Bxb5 axb5 21.Rc1 Nd7 22.Rxa8 Qxa8
23.Qxa8 Rxa8 24.Rc7 Rd8 25.Nb3 Kf8 26.Na5 Ke8 27.Nc6 Ra8 28.Rb7 g6 29.Rxb5 Ra1+
30.Kh2 f5 31.Ra5 Rb1 32.Nxe7 Kxe7 33.Bg5+ Ke8 34.Ra8+ Kf7 35.Rd8 Nb6 36.Rxd6 Rxb4
37.exf5 gxf5 38.Rf6+ Kg7 39.Rxf5 Nd7 40.Be7 Rd4 41.d6 h6 42.g4 Kg6 43.Kg2 Rd3
44.h4 Rd4 45.h5+ Kg7 46.Kg3 Rd3+ 47.Rf3 Rd4 48.Rc3 Kf7 49.Rc7 Ke6 50.g5 hxg5
51.h6 Rd1 52.Kh2 e4 53.Rxd7  1-0

[Event "40th Olympiad Women"]
[Site "Istanbul TUR"]
[Date "2012.08.28"]
[Round "1.37"]
[White "Al Khulaifi,F"]
[Black "Dengler,D"]
[Result "0-1"]
[WhiteElo "1583"]
[BlackElo "2066"]

1.c4 c6 2.Nc3 d5 3.d4 a6 4.cxd5 cxd5 5.Bf4 Nc6 6.e3 Nf6 7.Bd3 g6 8.Rc1 Bg7
9.a3 O-O 10.Nf3 Nh5 11.Be5 f6 12.Bg3 Nxg3 13.hxg3 Be6 14.Qc2 Bf7 15.Nh4 e5
16.dxe5 Nxe5 17.Be2 Qe7 18.O-O Rfd8 19.Rfd1 f5 20.Nf3 Ng4 21.Nd4 Nxe3 22.fxe3 Qxe3+
23.Kh2 Bxd4 24.Qd2 Qxd2 25.Rxd2 Be3 26.Rcd1 Bxd2 27.Rxd2 d4 28.Na4 b5 29.Nc5 Ra7
30.g4 fxg4 31.Bxg4 a5 32.Ne6 Bxe6 33.Bxe6+ Kg7 34.Bg4 d3 35.Kg1 b4 36.a4 Re7
37.Kf2 h5 38.Bf3 Rd6 39.b3 Kh6 40.g3 g5 41.Bd1 g4 42.Kg2 Kg5 43.Kf2 h4 44.gxh4+ Kxh4
45.Kg2 Re3 46.Kh2 Rde6 47.Kg1 Re1+ 48.Kf2 g3+ 49.Kf3 Rf1+ 50.Kg2 Ree1 51.Rxd3 Rf2+  0-1

[Event "37th Trade Fair Open A"]
[Site "Brno CZE"]
[Date "2012.08.30"]
[Round "6"]
[White "Cvek,R"]
[Black "Roubalik,J"]
[Result "1-0"]
[WhiteElo "2549"]
[BlackElo "2319"]

1.c4 c6 2.Nf3 d5 3.e3 Nf6 4.Nc3 g6 5.d4 Bg7 6.Bd3 O-O 7.O-O a6 8.h3 Nbd7
9.cxd5 cxd5 10.Qb3 e6 11.Bd2 b6 12.Rfc1 Bb7 13.Na4 Ne4 14.Ba5 bxa5 15.Qxb7 Nd6
16.Qc7 Qxc7 17.Rxc7 Rfd8 18.Rac1 Bf8 19.Kf1 Rab8 20.R7c6 Rb4 21.b3 Nb8 22.Rc7 Nb5
23.Bxb5 Rxb5 24.Ne5 Bd6 25.Nxf7 Bxc7 26.Nxd8 Bxd8 27.Rc8 Kf7 28.Rxd8 Nc6
29.Rd7+ Kf6 30.Nc5 Nb4 31.a4  1-0

[Event "40th Olympiad Open"]
[Site "Istanbul TUR"]
[Date "2012.08.30"]
[Round "3.34"]
[White "Matamoros Franco,C"]
[Black "Megaranto,S"]
[Result "1/2-1/2"]
[WhiteElo "2548"]
[BlackElo "2529"]

1.c4 c6 2.g3 d5 3.Bg2 Nf6 4.Nf3 Bg4 5.Ne5 Be6 6.cxd5 Bxd5 7.Nf3 Nbd7 8.Nc3 g6
9.O-O Bg7 10.d3 Bxf3 11.Bxf3 O-O 12.Bd2 Nc5 13.b4 Ne6 14.Rb1 a6 15.Na4 b5
16.Nc5 Nxc5 17.bxc5 Qd7 18.a4 Nd5 19.Qc2 Nc7 20.Rfd1 e5 21.e3 f5 22.Bg2 Kh8
23.Ra1 Ne6 24.Bc3 f4 25.Qb2 Qc7 26.exf4 Nd4 27.axb5 axb5 28.Rxa8 Rxa8 29.Re1 Rd8
30.fxe5 Bxe5 31.Kh1 Bg7 32.Re4 Qd7 33.h4 h5 34.Kh2 Nf5 35.Bxg7+ Qxg7 36.Qe2 Kh7
37.Re5 b4 38.Rxf5 gxf5 39.Qxh5+ Kg8 40.Qxf5 b3 41.Bxc6 b2 42.d4 Rf8 43.Bd5+ Kh8
44.Qh5+ Qh7 45.Qe5+ Qg7 46.Qh5+  1/2-1/2

[Event "37th Trade Fair Open A"]
[Site "Brno CZE"]
[Date "2012.08.31"]
[Round "7"]
[White "Sipek,M"]
[Black "Piankov,E"]
[Result "0-1"]
[WhiteElo "1963"]
[BlackElo "2338"]

1.c4 c6 2.d4 d5 3.Bf4 Qb6 4.Qd2 dxc4 5.e4 Nf6 6.Nc3 Qa5 7.e5 Nd5 8.Bxc4 Be6
9.Nxd5 Qxd2+ 10.Bxd2 Bxd5 11.Bf1 e6 12.f3 c5 13.Bb5+ Bc6 14.a4 cxd4 15.Ne2 a6
16.Bd3 Nd7 17.Nxd4 Nxe5 18.Be2 Bd5 19.Bc3 Nc6 20.Nxc6 Bxc6 21.Bc4 Be7 22.O-O O-O
23.a5 Bc5+ 24.Kh1 Rfd8 25.Rab1 Bd5 26.Bxd5 Rxd5 27.Rfd1 Rad8 28.Rxd5 Rxd5
29.g4 f6 30.Kg2 e5 31.Be1 Bd6 32.Rc1 Rc5 33.Bc3 Kf7 34.Kf2 Bc7 35.Ke2 Bxa5
36.Rd1 Bxc3 37.bxc3 Ke7 38.Rb1 b5 39.Kd3 a5 40.h4 a4 41.c4 bxc4+ 42.Kc3 Rc7
43.Ra1 Ra7 44.Ra3 Ke6 45.Kxc4 g6 46.Kb5 f5 47.gxf5+ Kxf5 48.Kb6 Ra8 49.Kb7 Rd8
50.Rxa4 Rd4  0-1

[Event "37th Trade Fair Open A"]
[Site "Brno CZE"]
[Date "2012.08.31"]
[Round "7"]
[White "Kosina,V"]
[Black "Sarson,On"]
[Result "1/2-1/2"]
[WhiteElo "1823"]
[BlackElo "1778"]

1.c4 c6 2.Nf3 Nf6 3.Nc3 d5 4.e3 e6 5.Be2 Nbd7 6.O-O dxc4 7.Bxc4 Nb6 8.Bb3 Bd6
9.d4 O-O 10.Bc2 Re8 11.b3 Qc7 12.h3 Nbd7 13.Bb2 e5 14.Rc1 exd4 15.Qxd4 Ne5
16.Bd1 Nxf3+ 17.Bxf3 Be5 18.Qd3 Be6 19.Rfd1 Rad8 20.Qc2 h6 21.Kf1 Rxd1+ 22.Rxd1 Rd8
23.Rxd8+  1/2-1/2

[Event "40th Olympiad Open"]
[Site "Istanbul TUR"]
[Date "2012.08.31"]
[Round "4.42"]
[White "Farley,T"]
[Black "Escobar Forero,A"]
[Result "0-1"]
[WhiteElo "2255"]
[BlackElo "2493"]

1.c4 c6 2.Nf3 d5 3.b3 Bf5 4.g3 h6 5.Bb2 Nd7 6.Bg2 Ngf6 7.O-O e6 8.d4 Be7
9.Nbd2 O-O 10.Ne5 Rc8 11.a3 Bh7 12.Rc1 a5 13.Re1 Nxe5 14.dxe5 Nd7 15.cxd5 cxd5
16.Rxc8 Qxc8 17.e4 Nc5 18.Qe2 Rd8 19.exd5 exd5 20.Rc1 Qe6 21.Bd4 Ne4 22.Rc7 Bxa3
23.Nf3 Rc8 24.Qc2 Nc5 25.Rxc8+ Qxc8 26.Qc3 Bb4 27.Qc1 Bf5 28.Nh4 Nxb3  0-1

[Event "40th Olympiad Women"]
[Site "Istanbul TUR"]
[Date "2012.08.31"]
[Round "4.46"]
[White "Jorgensen,C"]
[Black "Smith,Melisha"]
[Result "1-0"]
[WhiteElo "2012"]
[BlackElo "1808"]

1.c4 c6 2.g3 d5 3.Bg2 e6 4.Nf3 Nf6 5.O-O Bd6 6.b3 Nbd7 7.Bb2 O-O 8.d3 Qc7
9.Nbd2 Ne5 10.Rc1 Nxf3+ 11.Nxf3 Qb8 12.Qc2 e5 13.e4 dxe4 14.dxe4 Be6 15.c5 Bc7
16.Rfd1 Bg4 17.h3 Bh5 18.g4 Bg6 19.Nd2 Rd8 20.Qc3 Rd4 21.Qe3 Rd7 22.Nc4 Re7
23.Rd2 h6 24.Rcd1 Qf8 25.f3 Ne8 26.b4 f6 27.a3 Bf7 28.Bf1 g5 29.Kg2 Ng7 30.a4 Ne6
31.Nd6 Nf4+ 32.Kg3 Bxd6 33.cxd6 Rd7 34.b5 Rad8 35.Ba3 Be6 36.Qc3 h5 37.bxc6 bxc6
38.Qxc6 hxg4 39.hxg4 Qh6 40.Rh2 Qg6 41.Bb5 Rh7 42.Rdh1 Rxh2 43.Rxh2 Qf7 44.Qc7 Qxc7
45.dxc7 Rd1 46.Bc4 Rg1+ 47.Kf2  1-0

[Event "40th Olympiad Open"]
[Site "Istanbul TUR"]
[Date "2012.08.31"]
[Round "4.5"]
[White "Movsesian,S"]
[Black "Barbosa,O PHI"]
[Result "1/2-1/2"]
[WhiteElo "2698"]
[BlackElo "2554"]

1.c4 c6 2.Nf3 d5 3.e3 Nf6 4.Nc3 g6 5.d4 Bg7 6.Be2 O-O 7.O-O a6 8.a4 a5 9.b3 Bg4
10.Ba3 Re8 11.cxd5 Bxf3 12.Bxf3 cxd5 13.Qd3 Qd7 14.Qb5 Rd8 15.Rac1 Nc6 16.Be2 e6
17.Qb6 Rdc8 18.Bb5 Bf8 19.Bxf8 Kxf8 20.Ne2 Qd8 21.Qxd8+ Nxd8 22.f3 Ke7 23.Nf4 Ne8
24.e4 dxe4 25.fxe4 Nf6 26.Rce1 Nc6 27.Bxc6 bxc6 28.d5 Nd7 29.dxe6 fxe6 30.Re3 Rf8
31.Rh3 Rf7 32.Nd3 Raf8 33.Rc1 Rb8 34.Rc3 Rbf8 35.Rc1 Rb8 36.Rc3 Rbf8 37.Rc1 Rb8  1/2-1/2

[Event "FSIM Sept 2012"]
[Site "Budapest HUN"]
[Date "2012.09.01"]
[Round "1.5"]
[White "Brustkern,J"]
[Black "Farago,S"]
[Result "1/2-1/2"]
[WhiteElo "2248"]
[BlackElo "2234"]

1.c4 c6 2.d4 d5 3.cxd5 cxd5 4.Nf3 Nf6 5.Nc3 Nc6 6.Bf4 Bf5 7.e3 e6 8.Bb5 Nd7
9.O-O Be7 10.Rc1 Rc8 11.Ne5 Ndxe5 12.Bxe5 O-O 13.Bf4 Qb6 14.Qe2 a6 15.Bxc6 Rxc6
16.Na4 Qb5 17.Qxb5 axb5 18.Nc5 Bxc5 19.dxc5 f6 20.Bd6 Ra8 21.a3 Ra4 22.Rfd1 Rc4
23.Rxc4 dxc4 24.f3 Bd3 25.Kf2 e5 26.e4  1/2-1/2

[Event "40th Olympiad Women"]
[Site "Istanbul TUR"]
[Date "2012.09.01"]
[Round "5.08"]
[White "Krush,I"]
[Black "Nguyen Thi Mai Hung"]
[Result "1-0"]
[WhiteElo "2467"]
[BlackElo "2212"]

1.c4 c6 2.e4 d5 3.exd5 cxd5 4.d4 Nf6 5.Nc3 e6 6.Nf3 Nc6 7.c5 Be7 8.Bb5 O-O
9.O-O Bd7 10.Re1 a6 11.Ba4 Qc7 12.a3 Rad8 13.b4 Rfe8 14.Bc2 Bc8 15.Qd3 g6
16.h3 Nh5 17.Ba4 Bf8 18.Qd1 Bd7 19.Bg5 Ra8 20.Qd2 f6 21.Be3 f5 22.Bh6 Be7
23.Bb3 Nf6 24.Ng5 Nd8 25.Re2 Bf8 26.Bxf8 Rxf8 27.Rae1 Ne4 28.Ngxe4 fxe4 29.Bxd5 exd5
30.Nxd5 Qb8 31.Rxe4 Nc6 32.Nb6 Bf5 33.R4e2 Qc7 34.Nxa8 Rxa8 35.d5 Rd8 36.Qh6 Qg7
37.Re8+ Rxe8 38.Rxe8+ Kf7 39.Qxg7+ Kxg7 40.dxc6 bxc6 41.Re7+ Kg8 42.Ra7 Bd3
43.f4 Bc4 44.Kf2 Bb5 45.Ke3 Bf1 46.g3 Bb5 47.Kd4 h5 48.Ke5 Kh8 49.Kd6 Kg8
50.a4 Bxa4 51.Rxa6 Bb5 52.Rxc6  1-0